00425nam a22001337a 45000050016000000200024000160370017000400820015000571000021000722450067000932600036001602700063001963000032002592010091306006.0 a8189738208c1500.00 bPansy Books  a796.358092 aDatta, Debasish  aSourav GAnguly:cby Debasish Datta bthe maharaja of cricket / aNew Delhi bNiyogi Books c2007 aD-78, Okhla Industrial Area, Phase-I, bNew Delhi e110020 a203p. c27cm(pbk) bPhotos